В открытом космосе

Opis bibliograficzny
1. autor: Борисенко И. Г. Иван Григорьевич
Język:rosyjski
Wydane: Москва, Машиностроение, 1980
Wydanie:2-е изд., перераб. и доп.
Hasła przedmiotowe:
Format: MixedMaterials Książka
KOHA link:https://koha.lib.tpu.ru/cgi-bin/koha/opac-detail.pl?biblionumber=367562

MARC

LEADER 00000nam0a2200000 4500
001 367562
005 20231102012008.0
035 |a (RuTPU)RU\TPU\retro\24925 
090 |a 367562 
100 |a 20220316d1980 m y0rusy50 ca 
101 0 |a rus 
102 |a RU 
105 |a a z 001zd 
200 1 |a В открытом космосе  |f И. Г. Борисенко 
205 |a 2-е изд., перераб. и доп. 
210 |a Москва  |c Машиностроение  |d 1980 
215 |a 176 с.  |c ил. 
320 |a Библиогр.: с. 175 
600 1 |a Леонов  |b А. А.  |c российский летчик-космонавт  |f 1934-  |g Алексей Архипович  |2 stltpush  |3 (RuTPU)RU\TPU\pers\5578  |9 1113 
600 1 |a Елисеев  |b А. С.  |c летчик-космонавт СССР  |c дважды Герой Советского Союза (22.1.1969 и 22.10.1969)  |f 1934-  |g Алексей Станиславович  |2 stltpush  |3 (RuTPU)RU\TPU\pers\16013  |9 5595 
600 1 |a Хрунов  |b Е. В.  |c летчик-космонавт СССР  |c полковник  |c Герой Советского Союза (22.1.1969)  |c кандидат технических наук (1971)  |f 1933-  |g Евгений Васильевич  |2 stltpush  |3 (RuTPU)RU\TPU\pers\16014  |9 5596 
600 1 |a Гречко  |b Г. М.  |c летчик-космонавт СССР  |c дважды Герой Советского Союза (1975, 1978)  |c доктор физико-математических наук  |f 1931-  |g Георгий Михайлович  |2 stltpush  |3 (RuTPU)RU\TPU\pers\16047  |9 5629 
600 1 |a Иванченков  |b А. С.  |c летчик-космонавт СССР  |c дважды Герой Советского Союза  |f 1940-  |g Александр Сергеевич  |2 stltpush  |3 (RuTPU)RU\TPU\pers\28346  |9 13255 
606 1 |a Занимательная космонавтика  |2 stltpush  |3 (RuTPU)RU\TPU\subj\11306  |9 38261 
610 1 |a открытый космос 
610 1 |a первый выход 
610 1 |a полеты 
610 1 |a безопорное движение 
610 1 |a космонавты 
675 |a 629.78  |v 4 
700 1 |a Борисенко  |b И. Г.  |g Иван Григорьевич 
801 1 |a RU  |b 63413507  |c 20220316 
942 |c BK